00205nam a2200073 4500100001800000245008000018260002600098300000700124 aPerera,K.H.K. aSulfuric Acid,Its Manufacture Applications and Environmental Consideration. aColombobICHEMCc2018 a23